Statistics for United States Knowledge Quiz

Click here to take the quiz!

General Stats

  • This quiz has been taken 27 times
  • The average score is 10 of 15

Answer Stats

QuestionAnswer% Correct
How many states are there in the US?50
88%
Who was the first person to walk on the moon?Neil Armstrong
88%
Name one of the major parties of the US:Republican/Democrat
88%
Which president freed the slaves?Abraham Lincoln
85%
What do Americans celebrate on July 4th?Independence Day
81%
Who was the civil rights leader who fought through nonviolent action?Martin Luther King Jr.
81%
What was the name of the ship that brought the Pilgrims to New England in 1620?Mayflower
81%
Where's the White House located?Washington D.C.
81%
In which year was the independence from England declared?1776
73%
Who was the second man on the moon?Buzz Aldrin
62%
Who said: 'We hold these truths to be self evident that all men are created equal'?Thomas Jefferson
42%
What organization tries to find solutions to world problems and disputes?United Nations
42%
What does IMF stand for?International Monetary Fund
35%
When was the nineteenth amendment to the Constitution giving women the right to vote ratified?1920
31%
What percentage of the United States population do you think are immigrants to this country? (Rounded to nearest tenth)14%
23%

Score Distribution

Percentile by Number Answered

Percent of People with Each Score

Your Score History

You have not taken this quiz